00913nam a2200253 u 45000010006000000050017000060080041000230350010000640350021000740400013000950410008001080820008001161000052001242450031001762500010002072600046002173000018002636500036002816500046003179420009003639990017003729520134003899520136005236743720260428111057.0960313s1978 spa  a67437 a(OCoLC)778192423 ccomduadb aspa 4a07010aLopez de Zuazo Algar, Antonio4auteaut948431510aDiccionario del periodismo a02.ED aBarcelona :bEdiciones Pirámide,c1978. a253 páginas aDiccionarios de periodismo9629 7aCrónicas periodísticas2armarc942879 cBOOK c12337d12337 001040708SEMIACTIVAaBCbBCd1997-07-03iC109209l0o070.03 L864d e2p61000000257440r2023-04-20 00:00:00t1w2023-04-20yBOOK 001040708SEMIACTIVAaBCbBCd2001-05-14iC680798l0o070.03 L864d 1990p61000003933609r2023-04-20 00:00:00t2w2023-04-20yBOOK